[Event "Fortaleza Sales Memorial"]
[Site "Fortaleza"]
[Date "2016.05.28"]
[Round "5"]
[White "De Aquino, Francisco Jose Alve"]
[Black "Nunes, Moezio Correia"]
[Result "1/2-1/2"]
[WhiteElo "1777"]
[BlackElo "1796"]
[PlyCount "54"]
[EventDate "2016.05.26"]
[EventType "swiss"]
[EventRounds "6"]
[EventCountry "BRA"]
[SourceTitle "CBM 172 Extra"]
[Source "ChessBase"]
[SourceDate "2016.06.21"]
[SourceVersion "1"]
[SourceVersionDate "2016.06.21"]
[SourceQuality "1"]

1. e4 d6 2. d4 Nf6 3. Nc3 g6 4. Nf3 Bg7 5. Bb5+ c6 6. Be2 b5 7. a3 0-0 8. 0-0 Nbd7 9. Re1 e5 10. dxe5 Nxe5 11. Nxe5 dxe5 12. Qxd8 Rxd8 13. Bg5 h6 14. Bh4 Be6 15. Rad1 Rd4 16. f3 Rad8 17. Bf2 Rxd1 18. Rxd1 Rxd1+ 19. Nxd1 a6 20. Ne3 Nh5 21. g3 f5 22. exf5 gxf5 23. b3 f4 24. Nf1 Bd5 25. Nd2 Bf8 26. a4 Bb4 27. Ne4 Kf7 1/2-1/2